Biofuel crops cultivation and management : (Record no. 10017)

MARC details
000 -LEADER
fixed length control field 00692nam a22002172 4500
001 - CONTROL NUMBER
control field 0000023859
005 - DATE AND TIME OF LATEST TRANSACTION
control field 20151217152250.0
008 - FIXED-LENGTH DATA ELEMENTS--GENERAL INFORMATION
fixed length control field 130410s xx 000 0 eng d
020 ## - INTERNATIONAL STANDARD BOOK NUMBER
International Standard Book Number 8177543164 :
040 ## - CATALOGING SOURCE
Original cataloging agency KABU
Transcribing agency KABU
245 10 - TITLE STATEMENT
Title Biofuel crops cultivation and management :
Remainder of title jatropha, sweet sorghum and sugarbeet. /
Statement of responsibility, etc. K. Vairavan ... [et al.].
250 ## - EDITION STATEMENT
Edition statement 1st ed.
260 ## - PUBLICATION, DISTRIBUTION, ETC. (IMPRINT)
Place of publication, distribution, etc. Jodhpur, India :
Name of publisher, distributor, etc. Agrobios,
Date of publication, distribution, etc. 2010.
300 ## - PHYSICAL DESCRIPTION
Extent 150 p.
650 #0 - SUBJECT ADDED ENTRY--TOPICAL TERM
Topical term or geographic name as entry element Energy crops.
-- 0000183611
650 #0 - SUBJECT ADDED ENTRY--TOPICAL TERM
Topical term or geographic name as entry element Sustainable agriculture.
-- 0000155506
710 2# - ADDED ENTRY--CORPORATE NAME
Corporate name or jurisdiction name as entry element Vairavan, K.
-- 0000183612
852 1# - LOCATION
-- p1330 KES
908 ## - PUT COMMAND PARAMETER (RLIN)
Put command parameter 130410
950 ## - LOCAL HOLDINGS (RLIN)
-- 1
Holdings
Withdrawn status Lost status Source of classification or shelving scheme Not for loan Home library Current library Date acquired Total Checkouts Full call number Barcode Date last seen Price effective from Koha item type
    Library of Congress Classification   Kabarak, Main Campus Kabarak, Main Campus 17/12/2015   SB288 .B56 2010 c. 1 014882 17/12/2015 17/12/2015 General Collection
Designed with assistance from East African Informatics Ltd